000 00438nam a2200157Ia 4500
008 230718s9999 xx 000 0 und d
041 _aeng
082 _a920
_bKAL
100 _aKalam A.P.J.A.
245 _aTurning Points
_bA Journey Through Challenges
260 _c2012
_bHarper Collins
300 _a182
365 _cRs.
_b133.00
700 _aKalam A.P.J.A.
906 _dO:0517130-Jun-2016B:TG-HYD7-133194821-6924-Jun-2016
_cMECH
999 _c342311
_d342311